000 00449nam a2200181Ia 4500
008 240510s9999 xx 000 0 und d
020 _a0000134436989
041 _aEng
082 _a005.1
082 _bL28
100 _aLEWIS, Bil : BERG, Daniel J.
245 2 _aA Guide to Multithreaded Programming : Threads Primer
260 _bNew Delhi : Sunsoft Press
260 _c1996
300 _a319 p.
942 _2ddc
942 _cLBK
999 _c28402
_d28402
945 _a1
_bMadushi Gamage
_c1
_dMadushi Gamage